[Event "Oberliga Ost B 2018 2019"]
[Site "?"]
[Date "2018.12.15"]
[Round "4.6"]
[White "Mehlhorn, Uwe"]
[Black "Will, Matthias"]
[Result "1-0"]
[WhiteElo "2109"]
[BlackElo "2020"]
[PlyCount "93"]
[EventDate "2018.10.21"]
[EventType "team-tourn"]
[EventCountry "GER"]
[WhiteTeam "Stadtilm SG BW"]
[BlackTeam "Naumburger SV"]
[WhiteTeamCountry "GER"]
[BlackTeamCountry "GER"]

1. e4 Nf6 2. d3 d5 3. Nd2 Nc6 4. Ngf3 Bg4 5. Be2 e6 6. O-O Bxf3 7. Bxf3 Nd4 8.
c3 Nxf3+ 9. Qxf3 Be7 10. Re1 O-O 11. Nf1 dxe4 12. dxe4 c6 13. a4 Qa5 14. Ng3
Rad8 15. h4 Rd7 16. e5 Nd5 17. Qg4 Rfd8 18. Bh6 g6 19. Bg5 Bxg5 20. Qxg5 Nc7
21. Ne4 Ne8 22. h5 Qd5 23. h6 f6 24. exf6 Qxg5 25. Nxg5 Nxf6 26. Nxe6 Re8 27.
Nc5 Rxe1+ 28. Rxe1 Rd2 29. Ne4 Nxe4 30. Rxe4 Kf7 31. Rb4 Rd7 32. f4 Kf6 33. g4
b6 34. Rd4 Rf7 35. Kf2 Ke6 36. Ke3 c5 37. Rd2 Ke7 38. Ke4 Rf6 39. Rd5 Rc6 40.
c4 Rf6 41. Re5+ Kd7 42. g5 Rf8 43. f5 gxf5+ 44. Rxf5 Re8+ 45. Kf4 Re7 46. Rf8
Kd6 47. g6 1-0

[Event "Oberliga Ost B 2018 2019"]
[Site "?"]
[Date "2018.12.15"]
[Round "4.7"]
[White "Muekke, Jens Frieder"]
[Black "Neubauer, Andreas"]
[Result "0-1"]
[WhiteElo "1986"]
[BlackElo "2184"]
[PlyCount "74"]
[EventDate "2018.10.21"]
[EventType "team-tourn"]
[EventCountry "GER"]
[WhiteTeam "Naumburger SV"]
[BlackTeam "Stadtilm SG BW"]
[WhiteTeamCountry "GER"]
[BlackTeamCountry "GER"]

1. e4 c5 2. Nc3 d6 3. d3 g6 4. g3 Bg7 5. Bg2 Nc6 6. Nf3 e5 7. O-O Nge7 8. Be3
O-O 9. Qd2 Nd4 10. h3 Bxh3 11. Nxd4 Bxg2 12. Kxg2 cxd4 13. Bh6 dxc3 14. bxc3
Bxh6 15. Qxh6 f5 16. Rh1 Rf7 17. Rh4 Qb6 18. Qd2 Raf8 19. Rf1 Qa5 20. exf5 Nxf5
21. Rc4 Qd5+ 22. Re4 Qc6 23. f3 b5 24. a4 a6 25. axb5 axb5 26. Qe1 Ng7 27. Qd2
Nh5 28. Qe1 Nf6 29. Rh4 Nd5 30. c4 Nb4 31. Qxb4 Rxf3 32. Rg1 Rf2+ 33. Kh3 Qd7+
34. g4 R8f3+ 35. Rg3 Qf7 36. Rh5 Rxg3+ 37. Kxg3 Qf4+ 0-1

[Event "Oberliga Ost B 2018 2019"]
[Site "?"]
[Date "2018.12.15"]
[Round "4.8"]
[White "Wolf, Philipp"]
[Black "Roessler, Bernd"]
[Result "0-1"]
[WhiteElo "1913"]
[BlackElo "2063"]
[PlyCount "106"]
[EventDate "2018.10.21"]
[EventType "team-tourn"]
[EventCountry "GER"]
[WhiteTeam "Stadtilm SG BW"]
[BlackTeam "Naumburger SV"]
[WhiteTeamCountry "GER"]
[BlackTeamCountry "GER"]

1. e4 e6 2. d4 d5 3. Nd2 Nf6 4. e5 Nfd7 5. Bd3 c5 6. c3 Nc6 7. Ne2 Qb6 8. Nf3
cxd4 9. cxd4 Bb4+ 10. Kf1 Be7 11. h4 f6 12. Nf4 Nf8 13. Nh5 Kf7 14. Rh3 f5 15.
Bc2 Bd7 16. Rg3 Rg8 17. b3 Rc8 18. a3 Ng6 19. Bg5 h6 20. Bxe7 Ncxe7 21. Qd2 Qc6
22. Bd1 Kf8 23. Nf4 Nxf4 24. Qxf4 Qc3 25. Ra2 Qd3+ 26. Ke1 Qe4+ 27. Qxe4 dxe4
28. Nd2 b5 29. Rc2 Rxc2 30. Bxc2 Nc6 31. Rc3 Ke7 32. b4 Nxd4 33. Bd1 Rc8 34.
Rg3 Kf8 35. f4 Bc6 36. Rc3 Bb7 37. Re3 Bd5 38. Nb3 Bxb3 39. Bxb3 Kf7 40. Kd2 g5
41. hxg5 hxg5 42. g3 Nxb3+ 43. Rxb3 Kg6 44. a4 a6 45. axb5 axb5 46. Ra3 Rc6 47.
Ra8 Kh5 48. Rb8 gxf4 49. gxf4 Kg4 50. Rxb5 Kxf4 51. Ra5 Rc8 52. Kd1 Rc4 53. b5
Rc5 0-1

[Event "Oberliga Ost B 2018 2019"]
[Site "?"]
[Date "2018.12.16"]
[Round "5.1"]
[White "Teske, Henrik"]
[Black "Schmidt Schaeffer, Sebastian"]
[Result "1-0"]
[WhiteElo "2483"]
[BlackElo "2360"]
[PlyCount "83"]
[EventDate "2018.10.21"]
[EventType "team-tourn"]
[EventCountry "GER"]
[WhiteTeam "Erfurt SV Empor"]
[BlackTeam "Naumburger SV"]
[WhiteTeamCountry "GER"]
[BlackTeamCountry "GER"]

1. d4 d5 2. c4 e6 3. Nc3 Be7 4. Nf3 Nf6 5. g3 O-O 6. Bg2 b6 7. cxd5 Nxd5 8.
Nxd5 exd5 9. O-O Be6 10. Qc2 c5 11. dxc5 bxc5 12. Ne5 Qc7 13. Nd3 Nc6 14. Nf4
Rad8 15. Rd1 Nb4 16. Qd2 d4 17. a3 Nd5 18. Nxe6 fxe6 19. Qc2 Qe5 20. Qe4 Qf6
21. Bf3 Kh8 22. Rd2 Rc8 23. h4 h6 24. Kg2 Bd6 25. Rc2 c4 26. Bd2 c3 27. bxc3
dxc3 28. Be1 Rc7 29. Qd3 Rc5 30. e4 Qg6 31. Kf1 Be5 32. h5 Qh7 33. Kg2 Rc7 34.
Be2 Nf6 35. Bf3 Rcf7 36. Rb1 Nd7 37. Be2 Nc5 38. Qe3 Rd8 39. Rb4 Rc7 40. Rc4
Rdc8 41. Bxc3 Bd6 42. Bb4 1-0

[Event "Oberliga Ost B 2018 2019"]
[Site "?"]
[Date "2018.12.16"]
[Round "5.2"]
[White "Heinrich, Julius Tobias"]
[Black "Langheinrich, Ferenc"]
[Result "0-1"]
[WhiteElo "2085"]
[BlackElo "2374"]
[PlyCount "66"]
[EventDate "2018.10.21"]
[EventType "team-tourn"]
[EventCountry "GER"]
[WhiteTeam "Naumburger SV"]
[BlackTeam "Erfurt SV Empor"]
[WhiteTeamCountry "GER"]
[BlackTeamCountry "GER"]

1. e4 g6 2. d4 Bg7 3. f4 d5 4. e5 h5 5. Nf3 Nh6 6. Be3 Bg4 7. h3 Nf5 8. Bf2
Bxf3 9. Qxf3 h4 10. Nc3 e6 11. O-O-O Nc6 12. Kb1 Bf8 13. Ne2 a6 14. g4 hxg3 15.
Nxg3 Nh4 16. Qe3 b5 17. Be1 Qb8 18. Bd3 Qb6 19. c3 Na5 20. Rh2 c5 21. Nh1 Nc4
22. Qe2 cxd4 23. Bxc4 bxc4 24. cxd4 Nf5 25. Bc3 Bb4 26. Qc2 Ke7 27. Qd2 a5 28.
Nf2 Rhb8 29. Ka1 Bxc3 30. Qxc3 Ne3 31. Rb1 Qxd4 32. Qa3+ Rb4 33. Ng4 Nxg4 0-1

[Event "Oberliga Ost B 2018 2019"]
[Site "?"]
[Date "2018.12.16"]
[Round "5.3"]
[White "Urban, Lars"]
[Black "Gering, Samuel"]
[Result "1-0"]
[WhiteElo "2195"]
[BlackElo "2082"]
[PlyCount "43"]
[EventDate "2018.10.21"]
[EventType "team-tourn"]
[EventCountry "GER"]
[WhiteTeam "Erfurt SV Empor"]
[BlackTeam "Naumburger SV"]
[WhiteTeamCountry "GER"]
[BlackTeamCountry "GER"]

1. d4 g6 2. c4 Bg7 3. e4 d6 4. Nc3 e5 5. Nge2 Nc6 6. d5 Nce7 7. f3 f5 8. Be3
Nf6 9. Qd2 f4 10. Bf2 b6 11. g4 O-O 12. h4 Rf7 13. g5 Ne8 14. O-O-O c5 15. dxc6
Nxc6 16. Kb1 Be6 17. Nd5 Nc7 18. Nec3 Nd4 19. Bxd4 exd4 20. Ne2 b5 21. Nxd4
bxc4 22. Nxc7 1-0

[Event "Oberliga Ost B 2018 2019"]
[Site "?"]
[Date "2018.12.16"]
[Round "5.4"]
[White "Fritsch, Andreas"]
[Black "Weishaeutel, Moritz"]
[Result "0-1"]
[WhiteElo "2055"]
[BlackElo "2243"]
[PlyCount "80"]
[EventDate "2018.10.21"]
[EventType "team-tourn"]
[EventCountry "GER"]
[WhiteTeam "Naumburger SV"]
[BlackTeam "Erfurt SV Empor"]
[WhiteTeamCountry "GER"]
[BlackTeamCountry "GER"]

1. Nc3 d5 2. e4 d4 3. Nce2 c5 4. Ng3 Nc6 5. Nf3 e6 6. Bc4 Bd6 7. a3 h5 8. Ne2
g5 9. d3 g4 10. Nfg1 Qf6 11. Qd2 Qg7 12. Qg5 Qh7 13. Bb5 Nge7 14. c3 dxc3 15.
bxc3 Bd7 16. Ba4 c4 17. Qe3 cxd3 18. Qxd3 Bc7 19. Be3 Rd8 20. Qb1 Ne5 21. Bc2
Ba5 22. Kf1 Nc4 23. Bc1 Bc6 24. f3 Bb6 25. Nd4 Bxd4 26. cxd4 Rxd4 27. Bd3 Ne5
28. Bb2 Rxd3 29. Bxe5 Rd2 30. Bc3 Rd7 31. Bxh8 Qxh8 32. Ne2 Qf6 33. Kf2 Rd2 34.
Ke3 Rb2 35. Qc1 gxf3 36. gxf3 Rb3+ 37. Kd2 Qxf3 38. Rg1 Bb5 39. Rg8+ Kd7 40.
Qf1 Rb2+ 0-1

[Event "Oberliga Ost B 2018 2019"]
[Site "?"]
[Date "2018.12.16"]
[Round "5.5"]
[White "Michalowski, Peter"]
[Black "Haertig, Jens"]
[Result "1/2-1/2"]
[WhiteElo "2089"]
[BlackElo "2135"]
[PlyCount "105"]
[EventDate "2018.10.21"]
[EventType "team-tourn"]
[EventCountry "GER"]
[WhiteTeam "Erfurt SV Empor"]
[BlackTeam "Naumburger SV"]
[WhiteTeamCountry "GER"]
[BlackTeamCountry "GER"]

1. e4 c5 2. Nf3 d6 3. d4 cxd4 4. Nxd4 Nf6 5. Nc3 a6 6. Be3 e5 7. Nb3 Be6 8. f3
Be7 9. Qd2 Nbd7 10. g4 Qc7 11. g5 Nh5 12. O-O-O Rc8 13. Kb1 b5 14. Qf2 O-O 15.
Rg1 Qb8 16. Nd5 Bd8 17. Qh4 g6 18. Bh3 Bxh3 19. Qxh3 Qb7 20. Rg4 Kh8 21. Rh4
Rg8 22. f4 Rg7 23. f5 a5 24. f6 Rg8 25. Nc1 Nf8 26. Ne2 Qd7 27. Ne7 Qxh3 28.
Rxh3 Bxe7 29. fxe7 Ne6 30. Rxd6 Rc7 31. Nc3 Rxe7 32. Nxb5 a4 33. a3 Rb7 34. Nc3
Rc8 35. Nd5 Kg7 36. Rf3 Rcb8 37. Nb4 Nhf4 38. Bxf4 exf4 39. h4 h6 40. gxh6+
Kxh6 41. Rd5 Rb6 42. Kc1 f6 43. Nd3 g5 44. hxg5+ fxg5 45. Rh3+ Kg7 46. Rd7+ Kg8
47. Ne5 Nf8 48. Ra7 R8b7 49. Rxb7 Rxb7 50. Ng4 Kg7 51. b4 axb3 52. cxb3 Re7 53.
Nf2 1/2-1/2

[Event "Oberliga Ost B 2018 2019"]
[Site "?"]
[Date "2018.12.16"]
[Round "5.6"]
[White "Will, Matthias"]
[Black "Heinke, Jasper"]
[Result "0-1"]
[WhiteElo "2020"]
[BlackElo "2014"]
[PlyCount "80"]
[EventDate "2018.10.21"]
[EventType "team-tourn"]
[EventCountry "GER"]
[WhiteTeam "Naumburger SV"]
[BlackTeam "Erfurt SV Empor"]
[WhiteTeamCountry "GER"]
[BlackTeamCountry "GER"]

1. Nf3 Nf6 2. c4 e6 3. g3 d5 4. Bg2 Be7 5. O-O O-O 6. b3 d4 7. d3 c5 8. Na3 Nc6
9. Bf4 Ne8 10. e4 dxe3 11. Bxe3 e5 12. Nc2 Bf5 13. Nfe1 Qd7 14. Be4 Bh3 15. Bg2
Nf6 16. Bxh3 Qxh3 17. Qf3 Rad8 18. Rd1 Rd7 19. Qg2 Qh5 20. f3 Rfd8 21. Rd2 Qf5
22. g4 Qg6 23. h3 h5 24. g5 Nh7 25. h4 Nf8 26. f4 exf4 27. Bxf4 Ne6 28. Bh2 Bd6
29. Bxd6 Rxd6 30. Ne3 Rd4 31. Qh2 R8d7 32. Nf5 Rg4+ 33. Rg2 Rxg2+ 34. Kxg2 Ned4
35. Qf4 Nb4 36. Qb8+ Kh7 37. Qe8 Qc6+ 38. Kg1 Nxf5 39. Rxf5 Qd6 40. Nf3 Qg3+
0-1

[Event "Oberliga Ost B 2018 2019"]
[Site "?"]
[Date "2018.12.16"]
[Round "5.7"]
[White "Bergmann, Harald"]
[Black "Schlag, Andreas"]
[Result "0-1"]
[WhiteElo "1771"]
[BlackElo "2110"]
[PlyCount "72"]
[EventDate "2018.10.21"]
[EventType "team-tourn"]
[EventCountry "GER"]
[WhiteTeam "Erfurt SV Empor"]
[BlackTeam "Naumburger SV"]
[WhiteTeamCountry "GER"]
[BlackTeamCountry "GER"]

1. e4 d6 2. d4 Nf6 3. Nc3 c6 4. Nf3 g6 5. Be2 Bg7 6. O-O O-O 7. Bg5 h6 8. Bh4
g5 9. Nxg5 hxg5 10. Bxg5 Nh7 11. Bh4 Nd7 12. Qd3 Re8 13. Rad1 Ndf8 14. Bh5 Nf6
15. Qf3 Nxh5 16. Qxh5 Ng6 17. e5 Nxh4 18. Qxh4 Bf5 19. g4 Bh7 20. f4 dxe5 21.
fxe5 Qb6 22. Qf2 Rf8 23. Na4 Qc7 24. Nc5 b6 25. Nd3 Qd7 26. Qf4 Rad8 27. Nf2 f6
28. e6 Qxe6 29. Rfe1 Qd7 30. c3 Rfe8 31. g5 fxg5 32. Qxg5 Qf5 33. Qg3 Kh8 34.
Qc7 Rg8 35. Kf1 Qb5+ 36. Re2 e5 0-1

[Event "Oberliga Ost B 2018 2019"]
[Site "?"]
[Date "2018.12.16"]
[Round "5.8"]
[White "Hillmann, Ralf"]
[Black "Pichl, Michael"]
[Result "1/2-1/2"]
[WhiteElo "1966"]
[BlackElo "2031"]
[PlyCount "54"]
[EventDate "2018.10.21"]
[EventType "team-tourn"]
[EventCountry "GER"]
[WhiteTeam "Naumburger SV"]
[BlackTeam "Erfurt SV Empor"]
[WhiteTeamCountry "GER"]
[BlackTeamCountry "GER"]

1. d4 g6 2. Nf3 Bg7 3. c4 d6 4. g3 Nf6 5. Bg2 O-O 6. O-O Nc6 7. Nc3 a6 8. a3
Na5 9. Nd2 c5 10. d5 b5 11. e4 Rb8 12. Qc2 bxc4 13. Rb1 e6 14. Rd1 exd5 15.
Nxd5 Nxd5 16. exd5 Re8 17. Ne4 Bf5 18. Bd2 Nb3 19. Qxc4 Qb6 20. Bc3 Nd4 21. Re1
Bxe4 22. Rxe4 Rxe4 23. Bxe4 Re8 24. Bd3 a5 25. Kg2 Nb3 26. Bc2 Nd4 27. Bd3 Nb3
1/2-1/2

[Event "Oberliga Ost B 2018 2019"]
[Site "?"]
[Date "2018.12.16"]
[Round "5.1"]
[White "Nguyen, Huy Dat"]
[Black "Chojnacki, Krzysztof"]
[Result "0-1"]
[WhiteElo "2178"]
[BlackElo "2367"]
[PlyCount "130"]
[EventDate "2018.10.21"]
[EventType "team-tourn"]
[EventCountry "GER"]
[WhiteTeam "Erfurt SV Medizin"]
[BlackTeam "Wiesbadener SV"]
[WhiteTeamCountry "GER"]
[BlackTeamCountry "GER"]

1. e4 d6 2. Nc3 Nf6 3. f4 g6 4. Nf3 Bg7 5. Bc4 c6 6. Bb3 d5 7. e5 Nfd7 8. d4 e6
9. Be3 b5 10. O-O Nb6 11. Bf2 N8d7 12. Ne2 Qc7 13. c3 c5 14. g4 h5 15. h3 Nc4
16. Rb1 Ba6 17. Ng5 hxg4 18. hxg4 Bh6 19. Bxc4 dxc4 20. Ne4 Bf8 21. dxc5 Bb7
22. N2g3 O-O-O 23. Nd6+ Bxd6 24. Qxd6 Rh3 25. Rfd1 Nxc5 26. Qxd8+ Qxd8 27.
Rxd8+ Kxd8 28. Bxc5 Rxg3+ 29. Kh2 Rxg4 30. Be3 Rg2+ 31. Kh3 Re2 32. Bxa7 Be4
33. Rd1+ Kc7 34. b4 Rxa2 35. Be3 Ra3 36. Bd4 Kc6 37. Kg4 Kd5 38. Kg5 Bf5 39.
Re1 Rb3 40. Kf6 Rxb4 41. Kxf7 Rb3 42. Ke7 b4 43. Rd1 Bd3 44. Rc1 Ra3 45. cxb4
Kxd4 46. Kxe6 Rb3 47. Kf7 Rxb4 48. e6 c3 49. e7 Rb7 50. Kf8 Rxe7 51. Kxe7 c2
52. Kf6 Kc3 53. Rg1 Kb2 54. Rg2 Kb1 55. Rd2 Bf5 56. Rd5 c1=Q 57. Rxf5 gxf5 58.
Kxf5 Qe3 59. Kg4 Kc2 60. f5 Qh6 61. Kf3 Kd3 62. Kg4 Ke3 63. Kg3 Qg5+ 64. Kh2
Kf2 65. f6 Qh4# 0-1

[Event "Oberliga Ost B 2018 2019"]
[Site "?"]
[Date "2018.12.16"]
[Round "5.2"]
[White "Geske, Julian"]
[Black "Wehner, Janis"]
[Result "1-0"]
[WhiteElo "2372"]
[BlackElo "2162"]
[PlyCount "69"]
[EventDate "2018.10.21"]
[EventType "team-tourn"]
[EventCountry "GER"]
[WhiteTeam "Wiesbadener SV"]
[BlackTeam "Erfurt SV Medizin"]
[WhiteTeamCountry "GER"]
[BlackTeamCountry "GER"]

1. d4 Nf6 2. c4 g6 3. Nc3 Bg7 4. e4 d6 5. f3 O-O 6. Be3 c5 7. dxc5 dxc5 8. Qxd8
Rxd8 9. Bxc5 Nc6 10. Nge2 Nd7 11. Be3 Nde5 12. Nf4 Na5 13. Ncd5 Nexc4 14. Bc5
e6 15. Nc7 Bxb2 16. Rd1 Rxd1+ 17. Kxd1 b6 18. Nxa8 bxc5 19. Bxc4 Nxc4 20. Nd3
Ba3 21. Nc7 Bd7 22. Na6 Ne3+ 23. Kd2 Nxg2 24. Naxc5 Bc6 25. Rb1 Nf4 26. Ne5
Bxc5 27. Nxc6 h5 28. a4 f5 29. a5 g5 30. Rb8+ Kg7 31. exf5 exf5 32. Nxa7 g4 33.
fxg4 fxg4 34. Nc6 h4 35. Rb5 1-0

[Event "Oberliga Ost B 2018 2019"]
[Site "?"]
[Date "2018.12.16"]
[Round "5.3"]
[White "Jakob, Matthias"]
[Black "Gottschalk, Jens"]
[Result "0-1"]
[WhiteElo "2096"]
[BlackElo "2272"]
[PlyCount "60"]
[EventDate "2018.10.21"]
[EventType "team-tourn"]
[EventCountry "GER"]
[WhiteTeam "Erfurt SV Medizin"]
[BlackTeam "Wiesbadener SV"]
[WhiteTeamCountry "GER"]
[BlackTeamCountry "GER"]

1. d4 Nf6 2. Bf4 g6 3. Nc3 d5 4. Qd2 c6 5. f3 Qb6 6. O-O-O Bg7 7. Bh6 Bxh6 8.
Qxh6 Na6 9. Nh3 Bd7 10. Ng5 Be6 11. Nxe6 fxe6 12. e3 O-O-O 13. Qh3 Nc7 14. Kb1
Qb4 15. Be2 Kb8 16. f4 c5 17. a3 Qa5 18. dxc5 Qxc5 19. Rd4 Rd6 20. g4 Rc6 21.
Bd3 Nd7 22. Bxg6 e5 23. Bf5 exd4 24. Bxd7 dxc3 25. Bxc6 cxb2 26. e4 Qxc6 27.
exd5 Nxd5 28. Re1 Rc8 29. Qb3 Qe6 30. Kxb2 Rc6 0-1

[Event "Oberliga Ost B 2018 2019"]
[Site "?"]
[Date "2018.12.16"]
[Round "5.4"]
[White "Nehmert, Ulrich"]
[Black "Kirschbaum, Gunnar"]
[Result "1-0"]
[WhiteElo "2226"]
[BlackElo "2133"]
[PlyCount "75"]
[EventDate "2018.10.21"]
[EventType "team-tourn"]
[EventCountry "GER"]
[WhiteTeam "Wiesbadener SV"]
[BlackTeam "Erfurt SV Medizin"]
[WhiteTeamCountry "GER"]
[BlackTeamCountry "GER"]

1. d4 Nf6 2. c4 g6 3. Nc3 Bg7 4. e4 d6 5. Nf3 O-O 6. Be2 e5 7. O-O Nc6 8. d5
Ne7 9. Ne1 Nd7 10. f3 f5 11. g4 fxg4 12. fxg4 Rxf1+ 13. Kxf1 h6 14. h4 Kh7 15.
g5 Ng8 16. Nd3 Bf8 17. Be3 c5 18. Qd2 Nb8 19. Nf2 Na6 20. a3 Bd7 21. Kg2 Be7
22. Rf1 h5 23. Nd3 Kg7 24. Rb1 b6 25. b4 Rb8 26. Nb5 Ra8 27. Qb2 Qc8 28. bxc5
bxc5 29. Bf4 Kh7 30. Bg3 Qd8 31. Rf1 Be8 32. Nxe5 dxe5 33. Qxe5 Rb8 34. d6 Rb7
35. Be1 Bxd6 36. Qxd6 Qxd6 37. Nxd6 Rb2 38. Rf2 1-0

[Event "Oberliga Ost B 2018 2019"]
[Site "?"]
[Date "2018.12.16"]
[Round "5.5"]
[White "Mueller Ludwig, Kristin"]
[Black "Ungurean, Florin Ioan"]
[Result "1-0"]
[WhiteElo "2020"]
[BlackElo "2003"]
[PlyCount "43"]
[EventDate "2018.10.21"]
[EventType "team-tourn"]
[EventCountry "GER"]
[WhiteTeam "Erfurt SV Medizin"]
[BlackTeam "Wiesbadener SV"]
[WhiteTeamCountry "GER"]
[BlackTeamCountry "GER"]

1. e4 c5 2. Nf3 e6 3. d4 cxd4 4. Nxd4 Nf6 5. Nc3 Bb4 6. Bd3 Nc6 7. Be3 d5 8.
O-O O-O 9. exd5 Bxc3 10. dxc6 Bxb2 11. Rb1 Bxd4 12. Bxd4 bxc6 13. c3 Qd5 14.
Qe2 c5 15. Bxf6 gxf6 16. Be4 Qe5 17. Qg4+ Kh8 18. Bxa8 Ba6 19. Rfe1 Qxc3 20.
Qf3 Qd4 21. Re4 Qd8 22. Rb8 1-0

[Event "Oberliga Ost B 2018 2019"]
[Site "?"]
[Date "2018.12.16"]
[Round "5.6"]
[White "Doehring, Joachim"]
[Black "Reichel, Norbert"]
[Result "0-1"]
[WhiteElo "2080"]
[BlackElo "2097"]
[PlyCount "42"]
[EventDate "2018.10.21"]
[EventType "team-tourn"]
[EventCountry "GER"]
[WhiteTeam "Wiesbadener SV"]
[BlackTeam "Erfurt SV Medizin"]
[WhiteTeamCountry "GER"]
[BlackTeamCountry "GER"]

1. Nf3 Nf6 2. c4 g6 3. b4 Bg7 4. Bb2 c6 5. a4 d5 6. Na3 O-O 7. g3 Qb6 8. Qb3
Ne4 9. d4 Be6 10. c5 Qc7 11. Bc1 a5 12. Bf4 Qc8 13. Bxb8 Qxb8 14. Ra2 axb4 15.
Qxb4 Qa7 16. Nc2 Qa5 17. Bg2 Qxb4+ 18. Nxb4 Nc3 19. Ra3 Nb5 20. axb5 Rxa3 21.
bxc6 Rb3 0-1

[Event "Oberliga Ost B 2018 2019"]
[Site "?"]
[Date "2018.12.16"]
[Round "5.7"]
[White "Nguyen, Ha Thanh"]
[Black "Scheitz, Michael"]
[Result "1/2-1/2"]
[WhiteElo "1898"]
[BlackElo "2062"]
[PlyCount "40"]
[EventDate "2018.10.21"]
[EventType "team-tourn"]
[EventCountry "GER"]
[WhiteTeam "Erfurt SV Medizin"]
[BlackTeam "Wiesbadener SV"]
[WhiteTeamCountry "GER"]
[BlackTeamCountry "GER"]

1. e4 e5 2. Nf3 Nc6 3. Bc4 Nf6 4. d3 Be7 5. c3 O-O 6. O-O d5 7. exd5 Nxd5 8.
Re1 Bg4 9. h3 Bh5 10. Bb5 f6 11. Nbd2 Nb6 12. Ne4 Qd5 13. c4 Qd8 14. Bxc6 bxc6
15. Qe2 c5 16. b3 Bd6 17. Ba3 Qe7 18. Rad1 Rfe8 19. Ng3 Bf7 20. Qc2 Qf8 1/2-1/2

[Event "Oberliga Ost B 2018 2019"]
[Site "?"]
[Date "2018.12.16"]
[Round "5.8"]
[White "Li, Maxim"]
[Black "Grund, Sebastian"]
[Result "0-1"]
[WhiteElo "1921"]
[BlackElo "2050"]
[PlyCount "98"]
[EventDate "2018.10.21"]
[EventType "team-tourn"]
[EventCountry "GER"]
[WhiteTeam "Wiesbadener SV"]
[BlackTeam "Erfurt SV Medizin"]
[WhiteTeamCountry "GER"]
[BlackTeamCountry "GER"]

1. e4 c5 2. b3 Nc6 3. Bb2 Nf6 4. Nc3 d6 5. Bb5 Bd7 6. d3 Qa5 7. Qd2 e6 8. f4 a6
9. Bxc6 Bxc6 10. Nf3 d5 11. e5 Nd7 12. d4 b5 13. Ne2 Qc7 14. c3 Be7 15. O-O c4
16. bxc4 dxc4 17. f5 exf5 18. Ng3 g6 19. d5 Bc5+ 20. Kh1 Bb7 21. Rfe1 O-O-O 22.
a4 Nb6 23. d6 Bxf3 24. gxf3 Qb7 25. Kg2 Nxa4 26. Ba3 Rhe8 27. Bb4 Bxb4 28. cxb4
Re6 29. Qd4 Qc6 30. Rec1 f6 31. Rxa4 fxe5 32. Rxa6 Qxa6 33. Qc5+ Kd7 34. Qc7+
Ke8 35. Qxh7 Rdxd6 36. h4 Rd2+ 37. Kh3 Re7 38. Qg8+ Kd7 39. h5 Qe6 40. Qxg6
Qxg6 41. hxg6 Rg7 42. Nxf5 Rxg6 43. Ra1 Rc6 44. Rg1 Rf6 45. Rg7+ Ke6 46. Kg4
Rg2+ 47. Ng3 c3 48. Kh3 Rf2 49. Ne4 R6xf3+ 0-1

[Event "Oberliga Ost B 2018 2019"]
[Site "?"]
[Date "2018.12.16"]
[Round "5.1"]
[White "Henrich, Thomas"]
[Black "Zimmermann, Hendrik"]
[Result "1/2-1/2"]
[WhiteElo "2217"]
[BlackElo "2232"]
[PlyCount "126"]
[EventDate "2018.10.21"]
[EventType "team-tourn"]
[EventCountry "GER"]
[WhiteTeam "Marburg SK"]
[BlackTeam "Frankfurt SC Koenig Nied"]
[WhiteTeamCountry "GER"]
[BlackTeamCountry "GER"]

1. d4 f5 2. Nc3 Nf6 3. Bg5 d5 4. f3 c5 5. e4 Nc6 6. Bxf6 gxf6 7. exd5 Nxd4 8.
Qd2 e5 9. dxe6 Bxe6 10. Nb5 Qb6 11. Nxd4 cxd4 12. O-O-O O-O-O 13. Bd3 h5 14. a3
Bh6 15. f4 Qd6 16. Ne2 Qd5 17. g3 Rh7 18. Rhe1 Bd7 19. Qb4 Bf8 20. Qxd4 Qc6 21.
Qxa7 Bc5 22. Qa8+ Kc7 23. Qa5+ Bb6 24. Qc3 h4 25. Qxc6+ bxc6 26. Bc4 Re7 27.
Ng1 Rxe1 28. Rxe1 Bf2 29. Rf1 hxg3 30. hxg3 Bxg3 31. Ne2 Bh4 32. Bd3 Be6 33.
Rh1 Bf2 34. Rh6 Be3+ 35. Kb1 Rf8 36. b3 Kd6 37. Kb2 Ke7 38. Rh3 Bb6 39. Kc3 c5
40. Rh5 Ra8 41. Kb2 Rd8 42. Rh7+ Kd6 43. Rg7 Rh8 44. Ng3 Rh4 45. Bxf5 Rxf4 46.
Bxe6 Kxe6 47. Rb7 Bd8 48. Nh5 Rf3 49. Ng7+ Kd6 50. b4 Kc6 51. Rf7 Bc7 52. Rxc7+
Kxc7 53. Ne6+ Kb6 54. Nxc5 f5 55. Nd3 Re3 56. a4 Re4 57. Kc3 f4 58. Nc5 Re8 59.
Kd2 f3 60. Nd3 Re2+ 61. Kd1 Re3 62. Kd2 Re2+ 63. Kd1 Re3 1/2-1/2

[Event "Oberliga Ost B 2018 2019"]
[Site "?"]
[Date "2018.12.16"]
[Round "5.2"]
[White "Wege, Jochen"]
[Black "Alber, Horst"]
[Result "0-1"]
[WhiteElo "2266"]
[BlackElo "2284"]
[PlyCount "106"]
[EventDate "2018.10.21"]
[EventType "team-tourn"]
[EventCountry "GER"]
[WhiteTeam "Frankfurt SC Koenig Nied"]
[BlackTeam "Marburg SK"]
[WhiteTeamCountry "GER"]
[BlackTeamCountry "GER"]

1. e4 d5 2. Nc3 c6 3. d4 dxe4 4. Nxe4 Nf6 5. Nxf6+ gxf6 6. c3 Bf5 7. Nf3 e6 8.
g3 Nd7 9. Bg2 Qc7 10. O-O O-O-O 11. Qe2 Bd6 12. b4 h5 13. a4 Rdg8 14. Nh4 Bg4
15. Qd3 f5 16. b5 c5 17. a5 c4 18. Qc2 f4 19. b6 axb6 20. a6 bxa6 21. Rxa6 f3
22. Ra8+ Nb8 23. Nxf3 Bf5 24. Qa4 Be4 25. Ng5 Bxg2 26. Kxg2 Qb7+ 27. f3 b5 28.
Qa2 h4 29. Ra7 hxg3 30. h3 Qd5 31. Nxf7 Rxh3 32. Nxd6+ Qxd6 33. Kxh3 g2 34.
Qxg2 Rxg2 35. Kxg2 Nc6 36. Rg7 Qf8 37. Rg5 b4 38. cxb4 Qxb4 39. Be3 Qc3 40. Bf2
Nxd4 41. Bxd4 Qd2+ 42. Rf2 Qxg5+ 43. Kf1 Qc1+ 44. Kg2 c3 45. Bxc3 Qxc3 46. Re2
Kd7 47. Re4 Ke7 48. Kf2 Kf6 49. Rf4+ Kg5 50. Re4 Kf5 51. Re2 Qd4+ 52. Kg2 Kf4
53. Ra2 Qg7+ 0-1

[Event "Oberliga Ost B 2018 2019"]
[Site "?"]
[Date "2018.12.16"]
[Round "5.3"]
[White "Rolle, Eric"]
[Black "Chandler, Patrick"]
[Result "0-1"]
[WhiteElo "2206"]
[BlackElo "2154"]
[PlyCount "162"]
[EventDate "2018.10.21"]
[EventType "team-tourn"]
[EventCountry "GER"]
[WhiteTeam "Marburg SK"]
[BlackTeam "Frankfurt SC Koenig Nied"]
[WhiteTeamCountry "GER"]
[BlackTeamCountry "GER"]

1. c4 e5 2. Nc3 Bc5 3. Nf3 Nc6 4. e3 d6 5. Be2 Nge7 6. d4 Bb4 7. dxe5 Bxc3+ 8.
bxc3 dxe5 9. Qxd8+ Kxd8 10. Ba3 f6 11. Rb1 Rb8 12. O-O Be6 13. Rb2 Ke8 14. Rfb1
b6 15. Nd2 Kf7 16. e4 Rbd8 17. c5 Na5 18. Bb4 Nb7 19. a4 Nc6 20. cxb6 axb6 21.
Bb5 Nca5 22. g3 Nc5 23. Bxc5 bxc5 24. Be2 Rd6 25. Nf1 Ra8 26. Ne3 c6 27. f4 g6
28. h4 Kg7 29. Kf2 Ra7 30. Ke1 exf4 31. gxf4 Rdd7 32. Rb6 Re7 33. Kf2 Bf7 34.
Bf3 c4 35. h5 Reb7 36. hxg6 hxg6 37. Rxb7 Nxb7 38. Rb6 Nd8 39. Bd1 Ne6 40. f5
Nc5 41. Bc2 Nxa4 42. Rxc6 Nxc3 43. fxg6 Bxg6 44. Rxc4 Nb5 45. Rb4 Nd6 46. Rd4
Nf7 47. Bb3 Ne5 48. Be6 Ra3 49. Nf5+ Bxf5 50. Bxf5 Kh6 51. Rd8 Kg5 52. Rh8 Nc4
53. Rg8+ Kf4 54. Rg4+ Ke5 55. Rg8 Nd6 56. Rb8 Kf4 57. Rb2 Nc4 58. Re2 Ne5 59.
Rc2 Re3 60. Kg2 Nd3 61. Ra2 Rg3+ 62. Kf1 Rf3+ 63. Kg2 Ne1+ 64. Kg1 Rb3 65. Re2
Nf3+ 66. Kf2 Ra3 67. Rb2 Ra1 68. Ke2 Re1+ 69. Kd3 Re3+ 70. Kc4 Ng5 71. Kd4 Nxe4
72. Bg6 Ng5 73. Bd3 Nf3+ 74. Kc3 f5 75. Re2 Rxe2 76. Bxe2 Ke3 77. Ba6 Nd2 78.
Kc2 f4 79. Bb7 Ne4 80. Kd1 f3 81. Bc6 f2 0-1